A hagyományos piacok jelentősége Magyarországon

Bibliográfiai részletek
Szerző: Tihanyi Richárd
További közreműködők: Kovács Dr. András
Dokumentumtípus: Diplomadolgozat
Kulcsszavak:fogyasztói magatartás
hagyományos piac
piacok
ruhaipar
ruhuvásárlás
Online Access:http://dolgozattar.uni-bge.hu/60260

MARC

LEADER 00000nta a2200000 i 4500
001 dolg60260
005 20260409150216.0
008 260409suuuu hu om 000 hun d
040 |a BGE Dolgozattár Repozitórium  |b hun 
041 |a hu 
100 1 |a Tihanyi Richárd 
245 1 2 |a A hagyományos piacok jelentősége Magyarországon  |c Tihanyi Richárd  |h [elektronikus dokumentum] 
520 3 |a A szakdolgozat a lakosság piacokhoz és ruhavásárláshoz kapcsolódó fogyasztói szokásait vizsgálja, különös tekintettel a 30 év alatti korosztályra. A kutatás feltárja a piaclátogatási gyakoriságot, a ruhavásárlási preferenciákat és a vásárlási helyszínek választását befolyásoló demográfiai tényezőket. Az eredmények rámutatnak, hogy míg a piacok továbbra is fontos szerepet töltenek be a lakosság egy része számára, a fiatalabb generációk inkább a ruházati boltokat és az online vásárlást preferálják. A dolgozat elemzi a piacot elkerülők motivációit, a rendszeres piaci ruhavásárlók jellemzőit és a ruhavásárlás során érvényesülő legfontosabb szempontokat. 
695 |a fogyasztói magatartás 
695 |a hagyományos piac 
695 |a piacok 
695 |a ruhaipar 
695 |a ruhuvásárlás 
700 1 |a Kovács Dr. András  |e ths 
856 4 0 |u http://dolgozattar.uni-bge.hu/60260/1/Tihanyi%20Rich%C3%A1rd%20L945XZ%20-%20A%20hagyom%C3%A1nyos%20piacok%20jelent%C5%91s%C3%A9ge%20Magyarorsz%C3%A1gon.pdf  |z Dokumentum-elérés 
856 4 0 |u http://dolgozattar.uni-bge.hu/60260/2/BA%20KM%20magyar%20b%C3%ADr%C3%A1lati%20lap%20-TihanyiRicahard.pdf  |z Dokumentum-elérés 
856 4 0 |u http://dolgozattar.uni-bge.hu/60260/3/BA%20KM%20magyar%20b%C3%ADr%C3%A1lati%20lap%20BELS%C5%90_Tihanyi_Rich%C3%A1rd_Kov%C3%A1cs_A.pdf  |z Dokumentum-elérés